| 000 | 00771cam a2200241 a 4500 | ||
|---|---|---|---|
| 008 | |||
| 020 | _a9780124150317 (pbk.) | ||
| 049 | _aMAIN | ||
| 090 |
_aQL638.95.L3 _bGRE |
||
| 245 | 0 | 0 |
_aGreat white sharks : _bthe biology of Carcharodon carcharias / _cedited by A. Peter Klimley, David G. Ainley. |
| 260 |
_aSan Diego, Calif. : _bAcademic Press, _c1996. |
||
| 300 |
_axi, 517 p. : _bill., maps ; _c29 cm. |
||
| 500 | _aIncludes index. | ||
| 504 | _aIncludes bibliographical references. | ||
| 650 | 0 | _aWhite shark. | |
| 700 | 1 | _aKlimley, A. Peter. | |
| 700 | 1 | _aAinley, David G. | |
| 907 |
_a.b10374012 _b02-06-16 _c01-06-16 |
||
| 003 | |||
| 005 | 20230123122219.0 | ||
| 040 | _cNUST | ||
| 942 |
_cBOOKS _kQL638.95.L3 _mGRE |
||
| 999 |
_c129766 _d129766 |
||